000 00298nam a2200097Ia 4500
082 _aEF SHOR
245 0 _aThe three trillion dollar war : the true cost of the Iraq conflict
100 _a STIGLITZ, Joseph E. London, 2009
_979431
942 _cBK
008 210817s9999 xx 000 0 und d
999 _c276969
_d276969